Logo BPK

Bibliografia Prac Pracowników

Politechniki Koszalińskiej

Topografia śladów skrawania pojedyńczymi ziarnami ściernymi zamocowanymi elastycznie / (Rekord nr 5437)

Szczegóły MARC
000 -ETYKIETA REKORDU
podpole kontrolne o stałej długości 01666naa a2200253 i 4500
001 - NUMER KONTROLNY REKORDU
podpole kontrolne BPP
003 - IDENTYFIKATOR NUMERU KONTROLNEGO REKORDU
podpole kontrolne BPK
005 - DATA OSTATNIEJ MODYFIKACJI REKORDU
podpole kontrolne 20190604154926.0
008 - POLE O STAŁEJ DŁUGOŚCI - DANE KONTROLNE
podpole kontrolne o stałej długości 140605s1978 pl f |100 0 pol
040 ## - ŹRÓDŁO KATALOGOWANIA
Instytucja, która utworzyła rekord BPK
080 ## - UNIWERSALNA KLASYFIKACJA DZIESIĘTNA - UKD
UKD 621.9
100 ## - NAZWA OSOBOWA
Nazwa osobowa KACALAK, Wojciech.
Lata pracy 1970 - 1996.
Instytucja Wyższa Szkoła Inżynierska w Koszalinie - Instytut Techniki Wytwarzania,
Wydział Zakład Obróbki Skrawaniem
245 ## - TYTUŁ/ODPOWIEDZIALNOŚĆ
Tytuł Topografia śladów skrawania pojedyńczymi ziarnami ściernymi zamocowanymi elastycznie /
Pozostałe elementy strefy tytułu i oznaczenia odpowiedzialności Wojciech Kacalak, Zdzisław Pluta.
260 ## - STREFA ADRESU WYDAWNICZEGO
Data publikacji, dystrybucji/powstania dokumentu 1978.
500 ## - UWAGI OGÓLNE
Tekst uwagi Dane z autopsji.
520 ## - UWAGA DOTYCZĄCA TREŚCI DOKUMENTU
Analiza dokumentacyjna, adnotacja itp. W pracy przedstawiono model procesu skrawania pojedynczym ziarnem zamocowanym elastycznie opracowany na podstawie warunków dynamicznej równowagi ostrza w strefie pracy. W oparciu o rozważania teoretyczne oraz wyniki badań doświadczalnych przeprowadzono analizę wpływu sposobu utwierdzenia ziarna na topografię śladów skrawania. Na podstawie wprowadzonych parametrów oceny topografii śladów dokonano identyfikacji zjawisk fizycznych w strefie skrawania związanych z mechanicznym oddziaływaniem ostrza na materiał obrabiany.
650 #0 - HASŁO PRZEDMIOTOWE W FORMIE NAZWY OGÓLNEJ LUB JEDNOSTKOWEJ
Nazwa ogólna lub geograficzna Materiały ścierne.
655 #0 - TERMIN INDEKSOWY - OKREŚLENIE RODZAJU/FORMY DOKUMENTU
Określnie rodzaju/formy dokumentu Materiały konferencyjne.
650 #0 - HASŁO PRZEDMIOTOWE W FORMIE NAZWY OGÓLNEJ LUB JEDNOSTKOWEJ
Nazwa ogólna lub geograficzna Skrawanie
773 ## - TYTUŁ DOKUMENTU MACIERZYSTEGO
Wyrażenie wprowadzające W :
Tytuł Postępy w technice wytwarzania. Cz. 1, Narzędzia i technologia obróbki ściernej. -
Informacje dotyczące relacji 1978, s. 324-331
700 ## - HASŁO DODATKOWE - NAZWA OSOBOWA
Nazwa osobowa PLUTA, Zdzisław.
Lata pracy 1973 - 1996.
Instytucja Wyższa Szkoła Inżynierska w Koszalinie - Instytut Techniki Wytwarzania,
Wydział Zakład Obróbki Skrawaniem
711 ## - HASŁO DODATKOWE - NAZWA IMPREZY
Nazwa imprezy Konferencja Naukowo-Techniczna "Postępy w technice wytwarzania"
Data imprezy (1978 ;
Miejsce imprezy Kołobrzeg, Polska).
942 ## - HASŁO DODATKOWE - ELEMENTY(KOHA)
Typ dokumentu Artykuł
Schemat klasyfikacji Uniwersalna klasyfikacja dziesiętna
Egzemplarze
Wycofany Zagubiony Uszkodzony Dostępność Lokalizacja stała Lokalizacja bieżąca Sygnatura Typ dokumentu
      Dostępny Bibliografia Prac Pracowników - BPK Bibliografia Prac Pracowników - BPK 25774 Artykuł
© 2014 Biblioteka Politechniki Koszalińskiej :: BIBLIOGRAFIA PRAC PRACOWNIKÓW